Factions jouables Medieval II Total War - Statistiques

Statistiques générales
  • Ce quiz a été pris 96 fois
  • Le résultat moyen est 17 sur 21
Statistiques - réponses
Réponse % Correct
Angleterre
100%
Espagne
99%
France
99%
Portugal
96%
Saint Empire Romain
93%
Danemark
91%
Ecosse
90%
Venise
90%
Russie
89%
Turcs
89%
Milan
87%
Pologne
87%
Egypte
84%
Sicile
80%
Etats pontificaux
76%
Hongrie
76%
Maures
66%
Mongols
63%
Aztèques
43%
Timourides
37%
Empire Romain d'Orient
23%
Aucun quiz correspondant
Distribution des résultats
% des personnes avec chaque résultat
Percentile par nombre de réponses
Votre historique - résultats
Vous n’avez pas pris ce quiz